Helsingin kaupungin osa-alueet kartalla - Statistics

Yleistilastot
  • Tätä visaa on pelattu 2 905 kertaa
  • Keskiarvotulos 57 / 136
Vastaukset kartalla
Vastauksille on annettu kartalla punavihreä väri sen mukaan, kuinka moni on saanut sen oikein.
 
Vastaustilastot
Vastaus % Oikein
Kamppi
85%
Etu-Töölö
80%
Lauttasaari
80%
Taka-Töölö
79%
Eira
76%
Jätkäsaari
75%
Sörnäinen
75%
Suomenlinna
73%
Katajanokka
72%
Punavuori
72%
Itäkeskus
71%
Kontula
70%
Meilahti
69%
Ullanlinna
69%
Itä-Pasila
68%
Käpylä
68%
Kulosaari
68%
Länsi-Pasila
68%
Pohjois-Haaga
67%
Etelä-Haaga
66%
Mellunmäki
66%
Munkkivuori
64%
Ruoholahti
64%
Santahamina
64%
Vallila
64%
Kluuvi
63%
Alppila
58%
Arabianranta
58%
Kruununhaka
57%
Myllypuro
57%
Kaivopuisto
56%
Ruskeasuo
56%
Itä-Pakila
55%
Kaartinkaupunki
55%
Konala
55%
Länsi-Pakila
55%
Puistola
55%
Pukinmäki
55%
Mustikkamaa-Korkeasaari
54%
Rastila
54%
Ala-Malmi
53%
Puotila
53%
Tapanila
53%
Kannelmäki
52%
Ylä-Malmi
52%
Malminkartano
51%
Roihuvuori
51%
Maunula
50%
Keski-Pasila
49%
Kumpula
48%
Kuusisaari
48%
Hermanni
47%
Aurinkolahti
46%
Jakomäki
46%
Östersundom
46%
Koskela
45%
Lehtisaari
45%
Paloheinä
45%
Vanhakaupunki
45%
Herttoniemen ranta
42%
Jollas
42%
Meri-Rastila
42%
Linjat
41%
Karhusaari
40%
Laakso
40%
Pohjois-Pasila
40%
Tali
40%
Marjaniemi
38%
Pihlajamäki
37%
Tapaninvainio
37%
Tapulikaupunki
37%
Länsi-Herttoniemi
36%
Pirkkola
36%
Tammisalo
36%
Toukola
36%
Kivikko
35%
Vesala
35%
Pihlajisto
34%
Siltamäki
34%
Siltasaari
34%
Viikinranta
34%
Harju
33%
Lassila
33%
Maununneva
33%
Vartiosaari
33%
Viikinmäki
33%
Torkkelinmäki
32%
Kuninkaantammi
31%
Lapinlahti
31%
Latokartano
31%
Metsälä
31%
Munkkisaari
31%
Villinki
31%
Tattarisuo
30%
Heikinlaakso
28%
Vartioharju
28%
Yliskylä
28%
Keski-Vuosaari
27%
Puotinharju
27%
Haltiala
26%
Herttoniemen teollisuusalue
26%
Kallahti
26%
Malmin lentokenttä
26%
Patola
26%
Talosaari
26%
Pajamäki
25%
Torpparinmäki
25%
Uutela
25%
Vanha Munkkiniemi
24%
Veräjämäki
24%
Viikin tiedepuisto
24%
Kurkimäki
23%
Talinranta
23%
Veräjälaakso
23%
Pitäjänmäen teollisuusalue
22%
Reimarla
22%
Tattariharju
22%
Itäsaaret
21%
Landbo
21%
Länsisaaret
21%
Roihupellon teollisuusalue
21%
Töyrynummi
21%
Hakuninmaa
20%
Kivihaka
19%
Tullisaari
19%
Hevossalmi
18%
Marttila
17%
Niemenmäki
17%
Niinisaari
17%
Maunulanpuisto
16%
Mustavuori
13%
Tahvonlahti
13%
Tuomarinkartano
13%
Nordsjön kartano
11%
Salmenkallio
11%
Puroniitty
9%
Ehtoja vastaavia visoja ei löytynyt
Tulosjakauma
Jokaisen tuloksen saaneiden osuus
Persentiili vastausten määrän mukaan
Tuloshistoriasi
Et ole pelannut tätä visaa